00842nam a2200265 a 4500001001000000003000500010005001700015008004100032010001100073011001100084040000900095100003200104245014700136260003900283300001500322502008700337650001400424650001200438650001800450650001600468650003700484650001400521650002700535650001400562000109828CHAP20220329144105.0140530s2013 mx |rm |0|||||spa d a106290 a107262 cCHAP00aHoyo Arana, José Félix.10aDialéctica, estado, derecho, libertad y emancipación. G. W. F. Hegel, Karl Marx y los marxismos /cpor Emiliano José Félix Hoyo Arana. aMéxico, D.F. :bEl autor,c2013. avi, 426 h. aTesis (Ph. D. en Filosofía política) -- UNAM. Facultad de Filosofía y Letras14aAutoridad14aDerecho14aDialéctica.14aEstado, El.14aHegel, George Wilhelm Friedrich.14aLibertad.14aMarx, Karly1818-1883.14aMarxismo.